Johnny Boy - Twenty One Pilots Lyrics - Statistics

General Stats
  • This quiz has been taken 25 times
  • The average score is 311 of 372
Answer Stats
Lyrics % Correct
a
100%
a
100%
a
100%
a
100%
all
100%
all
100%
all
100%
all
100%
And
100%
and
100%
and
100%
and
100%
And
100%
and
100%
Boy,
100%
Boy
100%
Boy,
100%
Chorus Get
100%
get
100%
Get
100%
Get
100%
Johnny
100%
Johnny
100%
Johnny
100%
need
100%
need
100%
No
100%
no
100%
now
100%
now
100%
up,
100%
up,
100%
up,
100%
up,
100%
we
100%
We
100%
We
100%
you
100%
you
100%
you
100%
you
100%
you,
100%
your
100%
and
94%
because
94%
Boy,
94%
Boy
94%
Chorus Get
94%
get
94%
Get
94%
Verse 1 He
94%
He
94%
He
94%
he
94%
He
94%
Pre-Chorus He
94%
He
94%
it
94%
it
94%
it
94%
it's
94%
It's
94%
it's
94%
Johnny
94%
Johnny
94%
joy,
94%
joy
94%
know
94%
know
94%
my
94%
my
94%
never
94%
never
94%
never
94%
on
94%
on
94%
on
94%
on
94%
pride
94%
pride
94%
The
94%
the
94%
the
94%
the
94%
the
94%
the
94%
the
94%
the
94%
the
94%
to
94%
to
94%
To
94%
up,
94%
up,
94%
up,
94%
you
94%
You're
94%
you're
94%
you're
94%
you're
94%
all
88%
all
88%
all
88%
all
88%
all
88%
all
88%
all
88%
all
88%
all
88%
all
88%
alright
88%
alright
88%
and
88%
and
88%
and
88%
and
88%
and
88%
and
88%
and
88%
and
88%
and
88%
and
88%
and
88%
Boy,
88%
Boy,
88%
Boy,
88%
Boy,
88%
Boy,
88%
Boy
88%
Boy,
88%
But
88%
But
88%
But
88%
cause
88%
fallen
88%
from
88%
Get
88%
Get
88%
get
88%
Get
88%
Get
88%
Get
88%
get
88%
Get
88%
Get
88%
go!"
88%
has
88%
has
88%
he
88%
He
88%
his
88%
his
88%
his
88%
Bridge I
88%
I
88%
I
88%
I
88%
I
88%
I
88%
it
88%
it's
88%
Johnny
88%
Johnny
88%
Johnny
88%
Johnny
88%
Johnny
88%
Johnny
88%
Johnny
88%
need
88%
need
88%
need
88%
need
88%
now
88%
now
88%
now
88%
now
88%
on
88%
on
88%
really
88%
really
88%
really
88%
really
88%
the
88%
the
88%
the
88%
the
88%
this
88%
this
88%
time
88%
time,
88%
told
88%
told
88%
up,
88%
up,
88%
up,
88%
up,
88%
up,
88%
up,
88%
up,
88%
up,
88%
up,
88%
we
88%
We
88%
we
88%
we
88%
wife
88%
wife
88%
work
88%
you
88%
you
88%
you
88%
you
88%
you
88%
you
88%
your
88%
your
88%
your
88%
your
88%
your
88%
your
88%
because
81%
because
81%
because
81%
before
81%
But
81%
cause
81%
decides
81%
deserves
81%
door
81%
fallen
81%
has
81%
has
81%
he's
81%
home
81%
joy,
81%
joy
81%
joy,
81%
joy
81%
joy,
81%
joy
81%
knows
81%
knows
81%
knows
81%
lie
81%
lie
81%
lock
81%
man
81%
medal
81%
my
81%
my
81%
my
81%
my
81%
my
81%
my
81%
on
81%
on
81%
one
81%
one
81%
pride
81%
pride
81%
pride
81%
pride
81%
pride
81%
pride
81%
that
81%
that
81%
the
81%
the
81%
the
81%
the
81%
world
81%
world
81%
You're
81%
you're
81%
You're
81%
you're
81%
You're
81%
you're
81%
behind
75%
But
75%
cause
75%
cause
75%
enough
75%
eyes
75%
goes
75%
ground
75%
has
75%
has
75%
knows
75%
left
75%
love
75%
love
75%
lying
75%
mind
75%
prize
75%
stays
75%
They
75%
they
75%
they
75%
They
75%
They
75%
they
75%
they
75%
won
75%
world
75%
world
75%
blame
69%
blame
69%
blame
69%
down
69%
enough
69%
ground
69%
in
69%
left
69%
love
69%
lying
69%
times
69%
times
69%
times
69%
When
69%
when
69%
world
69%
world
69%
blame
63%
carry
63%
carry
63%
carry
63%
carry
63%
carry
63%
carry
63%
chair
63%
disrespect
63%
down
63%
fix
63%
"Goodbye."
63%
ground
63%
ground
63%
in
63%
left
63%
left
63%
looks
63%
lying
63%
lying
63%
Oh,
63%
qualified
63%
qualified
63%
said,
63%
said
63%
say
63%
shame
63%
shame
63%
shame
63%
Verse 2 Someone
63%
someone
63%
they
63%
times
63%
will
63%
will
63%
will
63%
will
63%
will
63%
will
63%
looks
56%
names
56%
names
56%
names
56%
Pre-Chorus Oh,
56%
deflect
50%
frowns
50%
when
50%
frowns
44%
"Away
31%
No matching quizzes found
Score Distribution
Percent of People with Each Score
Percentile by Number Answered
Your Score History
You have not taken this quiz